Intenzita a charakter inovačnej aktivity podnikov cestovného ruchu v SR

Zhodnotenie úrovne inovačnej aktivity podnikov cestovného ruchu v SR prostredníctvom výsledkov výskumu uskutočneného v poslednom štvrťroku 2008. Intenzita zmien vo vybraných oblastiach podnikov cestovného ruchu. Miera závažnosti bariér inovatívneho správania podnikov cestovného ruchu. Dôležitosť kri...

Ausführliche Beschreibung

Gespeichert in:
Bibliographische Detailangaben
1. Verfasser: Kubičková, Viera, 1970-
Format: Buchkapitel
Sprache:Slowakisch
Schlagworte:
Tags: Tag hinzufügen
Keine Tags, Fügen Sie das erste Tag hinzu!

MARC

LEADER 00000naa a2200000 4500
001 0144350
005 20231127134025.0
041 0 |a slo 
044 |a SK 
245 1 0 |a Intenzita a charakter inovačnej aktivity podnikov cestovného ruchu v SR  |c Viera Kubičková 
520 |a Zhodnotenie úrovne inovačnej aktivity podnikov cestovného ruchu v SR prostredníctvom výsledkov výskumu uskutočneného v poslednom štvrťroku 2008. Intenzita zmien vo vybraných oblastiach podnikov cestovného ruchu. Miera závažnosti bariér inovatívneho správania podnikov cestovného ruchu. Dôležitosť kritérií úspešnosti podnikov CR. Efekty inovácií. Dôvody inovačnej aktivity. Inovačná perspektíva. 
610 2 0 |a ruch cestovný 
610 2 0 |a inovácia 
610 2 0 |a výskum 
610 2 0 |a hotely 
610 2 0 |a zariadenia ubytovacie 
610 2 0 |a kancelárie cestovné 
610 2 0 |a kúpele 
610 2 0 |a Slovensko 
100 1 |a Kubičková, Viera, 1970-